[Event "Festival GEMA - Cerrado MI"]
[Site "Mondariz ESP"]
[Date "2006.12.26"]
[Round "1.1"]
[White "Andres Gonzalez, Ivan"]
[Black "Fernandez Garcia, Miguel Angel"]
[Result "1/2-1/2"]
[WhiteElo "2367"]
[BlackElo "2304"]
[PlyCount "96"]
[EventDate "2006.12.26"]
[EventType "tourn"]
[EventRounds "9"]
[EventCountry "ESP"]
[EventCategory "3"]
[Source "lmi"]
[SourceDate "2006.12.26"]

1. Nf3 d5 2. d4 e6 3. g3 Nf6 4. Bg2 Be7 5. c4 c6 6. Nbd2 b6 7. O-O Nbd7 8. Qc2
Bb7 9. e4 dxe4 10. Nxe4 Nxe4 11. Qxe4 Nf6 12. Qc2 O-O 13. Rd1 Qc8 14. c5 Nd5
15. Ng5 g6 16. Ne4 Rd8 17. Bh6 Ba6 18. a3 f5 19. Nd6 Bxd6 20. cxd6 Rxd6 21.
Rac1 Qd7 22. Re1 Bb7 23. Re5 Nf6 24. Bg5 Kf7 25. Rce1 Re8 26. Qa4 Rxd4 27. Qxa7
Qc7 28. Be3 Qxe5 29. Qxb7+ Rd7 30. Qxc6 Qd6 31. Qb5 Nd5 32. Bg5 Rc8 33. Qa4 Qc6
34. Qh4 Kg8 35. Bf6 Rf7 36. Be5 Qc4 37. Qg5 Qg4 38. Qd2 Qc4 39. Qg5 Qg4 40. Qh6
Rc2 41. Bxd5 exd5 42. Bc3 Re2 43. Rxe2 Qxe2 44. Qf4 Qe4 45. Qb8+ Rf8 46. Qc7
Rf7 47. Qb8+ Rf8 48. Qc7 Rf7 1/2-1/2

[Event "Festival GEMA - Cerrado MI"]
[Site "Mondariz ESP"]
[Date "2006.12.26"]
[Round "1.2"]
[White "Vega Gutierrez, Belinda"]
[Black "Pintor, Ariana"]
[Result "1-0"]
[WhiteElo "2184"]
[BlackElo "2093"]
[PlyCount "57"]
[EventDate "2006.12.26"]
[EventType "tourn"]
[EventRounds "9"]
[EventCountry "ESP"]
[EventCategory "3"]
[Source "lmi"]
[SourceDate "2006.12.26"]

1. e4 c6 2. Nc3 d5 3. d4 dxe4 4. Nxe4 Bf5 5. Ng3 Bg6 6. h4 h6 7. Nf3 Nd7 8. h5
Bh7 9. Bd3 Bxd3 10. Qxd3 Ngf6 11. Bf4 Qa5+ 12. Bd2 Qa4 13. a3 e6 14. O-O-O
O-O-O 15. Rh4 Nd5 16. c4 N5b6 17. d5 Be7 18. Rf4 Bf6 19. Be3 Rhe8 20. Ne4 Ne5
21. Nxe5 Bxe5 22. Nc5 Qxd1+ 23. Qxd1 Bxf4 24. Bxf4 cxd5 25. cxd5 Rxd5 26. Qc2
Red8 27. Nxb7+ Kd7 28. Qc7+ Ke8 29. Nd6+ 1-0

[Event "Festival GEMA - Cerrado MI"]
[Site "Mondariz ESP"]
[Date "2006.12.26"]
[Round "1.3"]
[White "Vega Gutierrez, Sabrina"]
[Black "Frois, Antonio"]
[Result "1-0"]
[WhiteElo "2299"]
[BlackElo "2345"]
[PlyCount "73"]
[EventDate "2006.12.26"]
[EventType "tourn"]
[EventRounds "9"]
[EventCountry "ESP"]
[EventCategory "3"]
[Source "lmi"]
[SourceDate "2006.12.26"]

1. e4 c5 2. Nf3 g6 3. d4 cxd4 4. Nxd4 Nc6 5. Nc3 Bg7 6. Nb3 Nf6 7. Bc4 O-O 8.
O-O d6 9. Re1 a5 10. a4 Bg4 11. f3 Bd7 12. Bf1 Nb4 13. Nb5 Rc8 14. c3 Na6 15.
Be3 Be6 16. Na7 Ra8 17. Bxa6 bxa6 18. Nc6 Qc7 19. Nbxa5 Bd7 20. Nxe7+ Kh8 21.
Nb3 Rfe8 22. Nd5 Nxd5 23. Qxd5 Kg8 24. Nd2 Rab8 25. Reb1 Be6 26. Qd3 d5 27. Bd4
dxe4 28. Nxe4 Red8 29. Qe3 Bxd4 30. cxd4 Rb3 31. Qh6 f5 32. Nc5 Rb6 33. Nxe6
Rxe6 34. Re1 Rxe1+ 35. Rxe1 Qb6 36. h4 Rxd4 37. Re8+ 1-0

[Event "Festival GEMA - Cerrado MI"]
[Site "Mondariz ESP"]
[Date "2006.12.26"]
[Round "1.4"]
[White "Rizouk, Aimen"]
[Black "Alonso Fernandez, Marcos"]
[Result "1-0"]
[WhiteElo "2438"]
[BlackElo "2311"]
[PlyCount "81"]
[EventDate "2006.12.26"]
[EventType "tourn"]
[EventRounds "9"]
[EventCountry "ESP"]
[EventCategory "3"]
[Source "lmi"]
[SourceDate "2006.12.26"]

1. e4 c5 2. Nf3 e6 3. d4 cxd4 4. Nxd4 Nc6 5. Nc3 a6 6. Nxc6 bxc6 7. Bd3 d5 8.
O-O Nf6 9. Re1 Bb7 10. Qf3 Be7 11. Qg3 Kf8 12. b3 h5 13. h3 Bb4 14. Bd2 Qa5 15.
a3 Bxc3 16. b4 Qb6 17. Bxc3 Rh6 18. Rad1 Rd8 19. e5 Nd7 20. Bd2 Rh8 21. c4 g6
22. Bg5 Rc8 23. Qf4 Kg8 24. cxd5 cxd5 25. Rc1 Rc6 26. Be7 h4 27. Bxh4 Rh5 28.
Bg5 d4 29. h4 Rc3 30. Rxc3 dxc3 31. Qc4 Qc6 32. Qxc6 Bxc6 33. f4 Nb6 34. Rc1
Na4 35. Bc2 f5 36. exf6 Rh7 37. Rd1 Rc7 38. Bxg6 Rc8 39. Bh6 Nb2 40. f7+ Kh8
41. Rc1 1-0

[Event "Festival GEMA - Cerrado MI"]
[Site "Mondariz ESP"]
[Date "2006.12.26"]
[Round "1.5"]
[White "Gavrilov, Alexei"]
[Black "Sande Edreira, Jose Antonio"]
[Result "1-0"]
[WhiteElo "2465"]
[BlackElo "2293"]
[PlyCount "114"]
[EventDate "2006.12.26"]
[EventType "tourn"]
[EventRounds "9"]
[EventCountry "ESP"]
[EventCategory "3"]
[Source "lmi"]
[SourceDate "2006.12.26"]

1. d4 Nf6 2. c4 g6 3. Nc3 Bg7 4. e4 d6 5. Nf3 O-O 6. Be2 Na6 7. O-O e5 8. Be3
Ng4 9. Bg5 Qe8 10. Re1 exd4 11. Nxd4 Qe5 12. Nf3 Qc5 13. Bh4 Ne5 14. Nd2 Qd4
15. Bg5 Nc6 16. Be3 Qf6 17. Rb1 Nd4 18. Nb3 Nxe2+ 19. Qxe2 c6 20. Bd4 Qe7 21.
Bxg7 Kxg7 22. Rbd1 Be6 23. Nd4 f6 24. b3 Bf7 25. Qg4 Kh8 26. Re3 Rae8 27. h4
Nc5 28. Qf4 Qe5 29. Qh6 a5 30. h5 Rg8 31. Nf3 Qe7 32. Nh4 Rd8 33. hxg6 Bxg6 34.
Rg3 Qf7 35. Nxg6+ Rxg6 36. Rxg6 Qxg6 37. Qe3 Qg5 38. Qxg5 fxg5 39. e5 Kg7 40.
exd6 Kf6 41. Na4 Nxa4 42. bxa4 b6 43. Rb1 Ke6 44. Rxb6 Kxd6 45. Ra6 Rb8 46.
Rxa5 Rb1+ 47. Kh2 c5 48. Ra7 Rc1 49. Rxh7 Ke5 50. Rc7 Rxc4 51. a5 Rc2 52. Kg3
Rxa2 53. Rg7 c4 54. Rxg5+ Kd4 55. Kf3 c3 56. Rg8 Rxa5 57. Rd8+ Kc4 1-0

[Event "Festival GEMA - Cerrado MI"]
[Site "Mondariz ESP"]
[Date "2006.12.27"]
[Round "2.1"]
[White "Fernandez Garcia, Miguel Angel"]
[Black "Sande Edreira, Jose Antonio"]
[Result "0-1"]
[WhiteElo "2304"]
[BlackElo "2293"]
[PlyCount "48"]
[EventDate "2006.12.26"]
[EventType "tourn"]
[EventRounds "9"]
[EventCountry "ESP"]
[EventCategory "3"]
[Source "lmi"]
[SourceDate "2006.12.26"]

1. d4 Nf6 2. c4 g6 3. Nc3 Bg7 4. e4 d6 5. f4 O-O 6. Nf3 Na6 7. e5 Nd7 8. h4
dxe5 9. fxe5 c5 10. Bf4 cxd4 11. Qxd4 Qa5 12. h5 Nb4 13. O-O-O Nc5 14. Qe3 Bf5
15. Nd4 Rad8 16. Nxf5 Nb3+ 17. axb3 Qa1+ 18. Nb1 Rxd1+ 19. Kxd1 Qxb1+ 20. Ke2
Qxf5 21. h6 Bh8 22. g3 Rd8 23. Kf3 g5 24. Qe4 g4+ 0-1

[Event "Festival GEMA - Cerrado MI"]
[Site "Mondariz ESP"]
[Date "2006.12.27"]
[Round "2.2"]
[White "Alonso Fernandez, Marcos"]
[Black "Gavrilov, Alexei"]
[Result "0-1"]
[WhiteElo "2311"]
[BlackElo "2465"]
[PlyCount "84"]
[EventDate "2006.12.26"]
[EventType "tourn"]
[EventRounds "9"]
[EventCountry "ESP"]
[EventCategory "3"]
[Source "lmi"]
[SourceDate "2006.12.26"]

1. d4 Nf6 2. c4 e6 3. Nc3 Bb4 4. Qc2 d5 5. cxd5 Qxd5 6. Nf3 Qf5 7. Qxf5 exf5 8.
Bf4 c6 9. a3 Be7 10. e3 Be6 11. Nd2 O-O 12. Nc4 Nbd7 13. b4 Nb6 14. Na5 Nbd5
15. Nxd5 Nxd5 16. Nxb7 Nxf4 17. exf4 Bf6 18. O-O-O Rfe8 19. Kc2 Re7 20. Nc5 Bd5
21. f3 Re3 22. Ba6 Rxa3 23. Ra1 Rxa1 24. Rxa1 Bxd4 25. Bb7 Bxa1 26. Bxa8 Bd4
27. Nd7 Bc4 28. Bxc6 Bf1 29. g4 Be3 30. gxf5 Bxf4 31. h4 h5 32. Kc3 Bg3 33. f4
Bxh4 34. Bf3 Be1+ 35. Kd4 h4 36. Kc5 h3 37. Ne5 Bd2 38. Bd5 Bxf4 39. Nxf7 Kf8
40. Nd8 Ke7 41. Nc6+ Kf6 42. Bf3 Bg2 0-1

[Event "Festival GEMA - Cerrado MI"]
[Site "Mondariz ESP"]
[Date "2006.12.27"]
[Round "2.3"]
[White "Frois, Antonio"]
[Black "Rizouk, Aimen"]
[Result "0-1"]
[WhiteElo "2345"]
[BlackElo "2438"]
[PlyCount "38"]
[EventDate "2006.12.26"]
[EventType "tourn"]
[EventRounds "9"]
[EventCountry "ESP"]
[EventCategory "3"]
[Source "lmi"]
[SourceDate "2006.12.26"]

1. e4 e5 2. Nf3 Nc6 3. Bc4 Bc5 4. c3 Nf6 5. d3 a6 6. Bb3 O-O 7. O-O d6 8. Nbd2
Ba7 9. h3 h6 10. Re1 Nh5 11. Nf1 Qf6 12. Be3 Ne7 13. d4 Nf4 14. Kh2 Neg6 15.
Ng1 Nh4 16. g3 Nxh3 17. Nxh3 Nf3+ 18. Kg2 Bg4 19. Qd3 Nh4+ 0-1

[Event "Festival GEMA - Cerrado MI"]
[Site "Mondariz ESP"]
[Date "2006.12.27"]
[Round "2.4"]
[White "Pintor, Ariana"]
[Black "Vega Gutierrez, Sabrina"]
[Result "0-1"]
[WhiteElo "2093"]
[BlackElo "2299"]
[PlyCount "66"]
[EventDate "2006.12.26"]
[EventType "tourn"]
[EventRounds "9"]
[EventCountry "ESP"]
[EventCategory "3"]
[Source "lmi"]
[SourceDate "2006.12.26"]

1. e4 d6 2. d4 Nf6 3. Nc3 e5 4. Nf3 Nbd7 5. Bc4 Be7 6. O-O O-O 7. h3 c6 8. Be3
b5 9. Bd3 Bb7 10. Ne2 exd4 11. Nfxd4 g6 12. c3 Nc5 13. Ng3 Nxd3 14. Qxd3 a6 15.
Rad1 c5 16. Nf3 Qc7 17. Rfe1 Rad8 18. Bf4 Qb6 19. Qc2 Rfe8 20. Ng5 Bf8 21. Qb3
c4 22. Qc2 Qc6 23. Rd4 Nd7 24. Red1 Nc5 25. h4 h6 26. Nf3 Ne6 27. e5 Nxd4 28.
cxd4 dxe5 29. Bxe5 Bg7 30. Bxg7 Kxg7 31. h5 b4 32. Nh4 Rd5 33. hxg6 fxg6 0-1

[Event "Festival GEMA - Cerrado MI"]
[Site "Mondariz ESP"]
[Date "2006.12.27"]
[Round "2.5"]
[White "Andres Gonzalez, Ivan"]
[Black "Vega Gutierrez, Belinda"]
[Result "1-0"]
[WhiteElo "2367"]
[BlackElo "2184"]
[PlyCount "145"]
[EventDate "2006.12.26"]
[EventType "tourn"]
[EventRounds "9"]
[EventCountry "ESP"]
[EventCategory "3"]
[Source "lmi"]
[SourceDate "2006.12.26"]

1. Nf3 d5 2. g3 c5 3. c4 e6 4. Bg2 Nf6 5. O-O Be7 6. d4 O-O 7. cxd5 Nxd5 8. e4
Nb6 9. Nc3 Nc6 10. dxc5 Bxc5 11. Bf4 Qe7 12. e5 h6 13. h4 Nb4 14. Ne4 N6d5 15.
Bd2 Bd7 16. a3 Na6 17. b4 Bb6 18. Nd6 Rab8 19. Qb3 Nac7 20. a4 a6 21. Rac1 Rfd8
22. Rc4 Ne8 23. Rg4 h5 24. Bg5 f6 25. exf6 Qxd6 26. f7+ Kxf7 27. Bxd8 Bxd8 28.
Ng5+ Bxg5 29. Rxg5 Nef6 30. Qd3 Rg8 31. Qg6+ Ke7 32. Re1 Qxb4 33. Rge5 Kd8 34.
Bh3 Nc7 35. Rb1 Qd4 36. Ree1 Kc8 37. Bg2 Ncd5 38. Qf7 Qxa4 39. Bh3 Re8 40. Qxg7
Re7 41. Qf8+ Re8 42. Qd6 Ne4 43. Rbc1+ Kd8 44. Qe5 Nef6 45. Qb8+ Ke7 46. Qxb7
Kf8 47. Ra1 Qb5 48. Qa7 Qb6 49. Qxb6 Nxb6 50. Rxa6 Nfd5 51. Re5 Bc8 52. Ra7 Nf6
53. Rg5 Re7 54. Ra2 Kf7 55. Bg2 Nbd5 56. Bf3 Bb7 57. Ra7 Bc6 58. Rxe7+ Kxe7 59.
Bxh5 Nxh5 60. Rxh5 Nf6 61. Ra5 Kf7 62. Ra3 Kg6 63. f3 Bd5 64. Kf2 Ng8 65. g4
Ne7 66. Kg3 Nc6 67. f4 Ne7 68. Ra7 Nc6 69. h5+ Kh6 70. Ra4 Bb3 71. Ra3 Nd4 72.
Ra7 Bd5 73. Rd7 1-0

[Event "Festival GEMA - Cerrado MI"]
[Site "Mondariz ESP"]
[Date "2006.12.28"]
[Round "3.1"]
[White "Vega Gutierrez, Belinda"]
[Black "Fernandez Garcia, Miguel Angel"]
[Result "1/2-1/2"]
[WhiteElo "2184"]
[BlackElo "2304"]
[PlyCount "101"]
[EventDate "2006.12.26"]
[EventType "tourn"]
[EventRounds "9"]
[EventCountry "ESP"]
[EventCategory "3"]
[Source "lmi"]
[SourceDate "2006.12.26"]

1. e4 c5 2. Nf3 Nc6 3. d4 cxd4 4. Nxd4 Nf6 5. Nc3 e5 6. Ndb5 d6 7. Bg5 a6 8.
Na3 b5 9. Nd5 Be7 10. Bxf6 Bxf6 11. c4 b4 12. Nc2 a5 13. g3 Bg5 14. Bg2 O-O 15.
O-O Ne7 16. b3 Bb7 17. Nxe7+ Qxe7 18. Qd3 Qc7 19. Rad1 Rfd8 20. Ne3 Bxe3 21.
Qxe3 Qc5 22. Rd3 Qxe3 23. Rxe3 a4 24. Rd1 Kf8 25. Red3 Ke7 26. f3 axb3 27. axb3
Ra5 28. Bh3 g6 29. R1d2 Bc6 30. Kf2 f6 31. Ke3 Be8 32. Bg4 Bf7 33. Kf2 Ra6 34.
f4 Ra5 35. h4 Be8 36. Ke3 Bc6 37. Bh3 exf4+ 38. Kxf4 Re5 39. Bg2 Bb7 40. Rd4 h5
41. R4d3 Bc6 42. Rd4 g5+ 43. hxg5 fxg5+ 44. Ke3 h4 45. gxh4 gxh4 46. Bf3 Rg5
47. Rd1 Ke6 48. Rh1 Rh8 49. Rhd1 Rd8 50. Rh1 Rh8 51. Rhd1 1/2-1/2

[Event "Festival GEMA - Cerrado MI"]
[Site "Mondariz ESP"]
[Date "2006.12.28"]
[Round "3.2"]
[White "Vega Gutierrez, Sabrina"]
[Black "Andres Gonzalez, Ivan"]
[Result "1/2-1/2"]
[WhiteElo "2299"]
[BlackElo "2367"]
[PlyCount "44"]
[EventDate "2006.12.26"]
[EventType "tourn"]
[EventRounds "9"]
[EventCountry "ESP"]
[EventCategory "3"]
[Source "lmi"]
[SourceDate "2006.12.26"]

1. e4 c5 2. Nf3 e6 3. d4 cxd4 4. Nxd4 a6 5. Nc3 Qc7 6. f4 b5 7. Bd3 Bb7 8. Be3
Nf6 9. Qf3 Nc6 10. O-O Nxd4 11. Bxd4 Bc5 12. Bxc5 Qxc5+ 13. Kh1 b4 14. Nd1 O-O
15. Nf2 d6 16. Rae1 Rac8 17. Qh3 Qh5 18. Qg3 e5 19. f5 Qh6 20. Ng4 Nxg4 21.
Qxg4 Qf6 22. b3 Rfd8 1/2-1/2

[Event "Festival GEMA - Cerrado MI"]
[Site "Mondariz ESP"]
[Date "2006.12.28"]
[Round "3.3"]
[White "Rizouk, Aimen"]
[Black "Pintor, Ariana"]
[Result "1-0"]
[WhiteElo "2438"]
[BlackElo "2093"]
[PlyCount "51"]
[EventDate "2006.12.26"]
[EventType "tourn"]
[EventRounds "9"]
[EventCountry "ESP"]
[EventCategory "3"]
[Source "lmi"]
[SourceDate "2006.12.26"]

1. e4 c6 2. c4 d5 3. exd5 cxd5 4. cxd5 Nf6 5. Nf3 Nxd5 6. Nc3 e6 7. Bc4 Nc6 8.
O-O Be7 9. d4 O-O 10. Re1 Bf6 11. Ne4 Be7 12. a3 b6 13. Qd3 Nf6 14. Nc3 Bb7 15.
Ba2 Qd7 16. Bg5 Rfd8 17. Rad1 g6 18. d5 Nxd5 19. Nxd5 Bxg5 20. Nxg5 exd5 21.
Bxd5 Qf5 22. Qxf5 gxf5 23. Nxf7 Rxd5 24. Rxd5 Kxf7 25. Rd7+ Kf6 26. Rxb7 1-0

[Event "Festival GEMA - Cerrado MI"]
[Site "Mondariz ESP"]
[Date "2006.12.28"]
[Round "3.4"]
[White "Gavrilov, Alexei"]
[Black "Frois, Antonio"]
[Result "1-0"]
[WhiteElo "2465"]
[BlackElo "2345"]
[PlyCount "107"]
[EventDate "2006.12.26"]
[EventType "tourn"]
[EventRounds "9"]
[EventCountry "ESP"]
[EventCategory "3"]
[Source "lmi"]
[SourceDate "2006.12.26"]

1. d4 d5 2. c4 e6 3. Nf3 c5 4. cxd5 exd5 5. g3 Nc6 6. Bg2 Nf6 7. O-O Be7 8. Be3
cxd4 9. Nxd4 O-O 10. Nc3 Re8 11. Rc1 h6 12. Nxc6 bxc6 13. Na4 Bd7 14. Bc5 Bxc5
15. Nxc5 Bg4 16. Re1 Qa5 17. h3 Bf5 18. a3 Rab8 19. Nb3 Qb6 20. Nd4 Bd7 21. b4
Ne4 22. e3 a5 23. bxa5 Qxa5 24. Nxc6 Bxc6 25. Rxc6 Rb2 26. Bxe4 dxe4 27. Qc1
Ra2 28. Rd1 Rxa3 29. Rc8 Rxc8 30. Qxc8+ Kh7 31. Rd8 Ra1+ 32. Kh2 Qe5 33. Rh8+
Kg6 34. Qg4+ Kf6 35. Rh7 Qg5 36. Qxe4 Ra2 37. Kg2 Rd2 38. Qf3+ Kg6 39. Rh8 Qf6
40. Qxf6+ Kxf6 41. g4 Kg6 42. Kg3 Ra2 43. h4 f6 44. h5+ Kf7 45. Rb8 Ra4 46.
Rb7+ Kf8 47. f3 Kg8 48. Rd7 Ra5 49. Kf4 Rb5 50. Ke4 Rb3 51. Kd4 Rb5 52. f4 Kf8
53. Rd5 Rb3 54. Rd7 1-0

[Event "Festival GEMA - Cerrado MI"]
[Site "Mondariz ESP"]
[Date "2006.12.28"]
[Round "3.5"]
[White "Sande Edreira, Jose Antonio"]
[Black "Alonso Fernandez, Marcos"]
[Result "1-0"]
[WhiteElo "2293"]
[BlackElo "2311"]
[PlyCount "73"]
[EventDate "2006.12.26"]
[EventType "tourn"]
[EventRounds "9"]
[EventCountry "ESP"]
[EventCategory "3"]
[Source "lmi"]
[SourceDate "2006.12.26"]

1. c4 e6 2. Nf3 d5 3. b3 Nf6 4. g3 c5 5. Bg2 Be7 6. O-O O-O 7. e3 Nc6 8. Bb2 d4
9. exd4 cxd4 10. Re1 Ne8 11. Ne5 Nxe5 12. Rxe5 f6 13. Re1 e5 14. Ba3 Bxa3 15.
Nxa3 Nc7 16. d3 Rb8 17. Qd2 Bf5 18. f4 Qd6 19. Nc2 Ne6 20. fxe5 fxe5 21. b4 b6
22. Qe2 Rbe8 23. Bd5 Kh8 24. Qxe5 Qxe5 25. Rxe5 Bxd3 26. Rc1 Nc7 27. Rxe8 Rxe8
28. Nxd4 b5 29. Bc6 Re5 30. Nxb5 Ne6 31. Nd6 Re2 32. Bd5 Ng5 33. Nf7+ Nxf7 34.
Bxf7 g6 35. c5 Kg7 36. Bc4 Bxc4 37. Rxc4 1-0

[Event "Festival GEMA - Cerrado MI"]
[Site "Mondariz ESP"]
[Date "2006.12.29"]
[Round "4.1"]
[White "Fernandez Garcia, Miguel Angel"]
[Black "Alonso Fernandez, Marcos"]
[Result "1/2-1/2"]
[WhiteElo "2304"]
[BlackElo "2311"]
[PlyCount "56"]
[EventDate "2006.12.26"]
[EventType "tourn"]
[EventRounds "9"]
[EventCountry "ESP"]
[EventCategory "3"]
[Source "lmi"]
[SourceDate "2006.12.26"]

1. d4 d5 2. Nf3 Nf6 3. c4 e6 4. g3 Be7 5. Bg2 O-O 6. Qc2 dxc4 7. Qxc4 a6 8. Bf4
Nd5 9. Nc3 b5 10. Qd3 Bb7 11. Nxd5 Bxd5 12. O-O Nd7 13. Rfd1 Nf6 14. Ne5 Bxg2
15. Kxg2 Qd5+ 16. f3 c5 17. e4 Qb7 18. dxc5 Bxc5 19. Bg5 Be7 20. Bxf6 Bxf6 21.
Nd7 Rfc8 22. Nxf6+ gxf6 23. Rd2 Rc5 24. Qd4 Qe7 25. Rad1 Rac8 26. a3 R5c7 27.
h4 Kg7 28. Qf2 Qc5 1/2-1/2

[Event "Festival GEMA - Cerrado MI"]
[Site "Mondariz ESP"]
[Date "2006.12.29"]
[Round "4.2"]
[White "Frois, Antonio"]
[Black "Sande Edreira, Jose Antonio"]
[Result "1/2-1/2"]
[WhiteElo "2345"]
[BlackElo "2293"]
[PlyCount "32"]
[EventDate "2006.12.26"]
[EventType "tourn"]
[EventRounds "9"]
[EventCountry "ESP"]
[EventCategory "3"]
[Source "lmi"]
[SourceDate "2006.12.26"]

1. Nf3 g6 2. e4 c5 3. d4 Bg7 4. Nc3 cxd4 5. Nxd4 Nc6 6. Be3 Nf6 7. Bc4 O-O 8.
Bb3 d6 9. h3 Na5 10. O-O b6 11. Qd3 Bb7 12. Rfe1 Rc8 13. Rad1 Nd7 14. Bg5 Nc5
15. Qg3 Naxb3 16. axb3 Bxd4 1/2-1/2

[Event "Festival GEMA - Cerrado MI"]
[Site "Mondariz ESP"]
[Date "2006.12.29"]
[Round "4.3"]
[White "Pintor, Ariana"]
[Black "Gavrilov, Alexei"]
[Result "0-1"]
[WhiteElo "2093"]
[BlackElo "2465"]
[PlyCount "98"]
[EventDate "2006.12.26"]
[EventType "tourn"]
[EventRounds "9"]
[EventCountry "ESP"]
[EventCategory "3"]
[Source "lmi"]
[SourceDate "2006.12.26"]

1. e4 c6 2. d4 d5 3. Nc3 dxe4 4. Nxe4 Bf5 5. Ng3 Bg6 6. h4 h6 7. Nf3 e6 8. Ne5
Bh7 9. Bd3 Bxd3 10. Qxd3 Nd7 11. f4 Ngf6 12. Bd2 Be7 13. O-O-O c5 14. Bc3 O-O
15. Ne4 cxd4 16. Qxd4 Nxe5 17. Qxe5 Qc8 18. Kb1 Qc6 19. Nf2 Rfd8 20. f5 Rxd1+
21. Nxd1 Qxg2 22. Re1 Qd5 23. fxe6 Qxe5 24. exf7+ Kxf7 25. Bxe5 Re8 26. Bd4 a6
27. Nf2 Bd8 28. Rg1 Nh5 29. Nd3 Re4 30. c3 Rxh4 31. Ne5+ Ke6 32. Re1 Nf6 33.
Nc6+ Kd7 34. Nxd8 Kxd8 35. Rg1 Ng4 36. Bxg7 h5 37. Kc2 Rh2+ 38. Kb3 Rf2 39. Rh1
Rf5 40. Kc4 Kd7 41. Bd4 Kd6 42. b4 b5+ 43. Kd3 Kd5 44. Re1 h4 45. a4 h3 46.
axb5 axb5 47. Re8 h2 48. Rh8 Rf1 49. Rh5+ Kc6 0-1

[Event "Festival GEMA - Cerrado MI"]
[Site "Mondariz ESP"]
[Date "2006.12.29"]
[Round "4.4"]
[White "Andres Gonzalez, Ivan"]
[Black "Rizouk, Aimen"]
[Result "1/2-1/2"]
[WhiteElo "2367"]
[BlackElo "2438"]
[PlyCount "20"]
[EventDate "2006.12.26"]
[EventType "tourn"]
[EventRounds "9"]
[EventCountry "ESP"]
[EventCategory "3"]
[Source "lmi"]
[SourceDate "2006.12.26"]

1. d4 Nf6 2. Nf3 e6 3. c4 b6 4. g3 Ba6 5. b3 Bb4+ 6. Bd2 Be7 7. Nc3 O-O 8. e4
d5 9. cxd5 Bxf1 10. Kxf1 exd5 1/2-1/2

[Event "Festival GEMA - Cerrado MI"]
[Site "Mondariz ESP"]
[Date "2006.12.30"]
[Round "5.1"]
[White "Vega Gutierrez, Sabrina"]
[Black "Fernandez Garcia, Miguel Angel"]
[Result "1/2-1/2"]
[WhiteElo "2299"]
[BlackElo "2304"]
[PlyCount "77"]
[EventDate "2006.12.26"]
[EventType "tourn"]
[EventRounds "9"]
[EventCountry "ESP"]
[EventCategory "3"]
[Source "lmi"]
[SourceDate "2006.12.26"]

1. e4 c5 2. Nf3 Nc6 3. d4 cxd4 4. Nxd4 e5 5. Nb5 d6 6. N1c3 a6 7. Na3 b5 8. Nd5
Nf6 9. Bg5 Be7 10. Bxf6 Bxf6 11. c4 b4 12. Nc2 a5 13. g3 Bg5 14. Bg2 O-O 15.
O-O Ne7 16. Nxe7+ Qxe7 17. Qd3 Qc7 18. b3 Bb7 19. Rad1 Rfd8 20. f4 exf4 21.
gxf4 Qc5+ 22. Kh1 Bf6 23. Ne3 g6 24. Ng4 Bg7 25. e5 Bxg2+ 26. Kxg2 h5 27. Nf6+
Bxf6 28. exf6 d5 29. cxd5 Rd6 30. f5 Rad8 31. fxg6 Rxd5 32. gxf7+ Kf8 33. Qe4
Rd2+ 34. Rxd2 Rxd2+ 35. Kh1 Qd5 36. Qxd5 Rxd5 37. Kg2 Kxf7 38. Rf2 a4 39. bxa4
1/2-1/2

[Event "Festival GEMA - Cerrado MI"]
[Site "Mondariz ESP"]
[Date "2006.12.30"]
[Round "5.2"]
[White "Rizouk, Aimen"]
[Black "Vega Gutierrez, Belinda"]
[Result "1-0"]
[WhiteElo "2438"]
[BlackElo "2184"]
[PlyCount "65"]
[EventDate "2006.12.26"]
[EventType "tourn"]
[EventRounds "9"]
[EventCountry "ESP"]
[EventCategory "3"]
[Source "lmi"]
[SourceDate "2006.12.26"]

1. e4 e5 2. Nf3 Nc6 3. Bc4 Nf6 4. d3 Be7 5. O-O O-O 6. Bb3 d6 7. c3 Na5 8. Bc2
c5 9. a3 Nc6 10. Re1 Re8 11. Nbd2 Bf8 12. b4 cxb4 13. axb4 b6 14. Nc4 h6 15. h3
Bb7 16. Be3 b5 17. Ncd2 d5 18. Nb3 d4 19. cxd4 exd4 20. Nfxd4 Nxd4 21. Nxd4
Bxb4 22. Nxb5 a6 23. Nd4 Bxe1 24. Qxe1 Nd7 25. Ba4 Rf8 26. Nf5 Kh7 27. Qd2 Qf6
28. Bd4 Qg6 29. Bxd7 Rad8 30. Ba4 Bc8 31. Bc5 Bxf5 32. exf5 Qf6 33. Re1 1-0

[Event "Festival GEMA - Cerrado MI"]
[Site "Mondariz ESP"]
[Date "2006.12.30"]
[Round "5.3"]
[White "Gavrilov, Alexei"]
[Black "Andres Gonzalez, Ivan"]
[Result "1-0"]
[WhiteElo "2465"]
[BlackElo "2367"]
[PlyCount "51"]
[EventDate "2006.12.26"]
[EventType "tourn"]
[EventRounds "9"]
[EventCountry "ESP"]
[EventCategory "3"]
[Source "lmi"]
[SourceDate "2006.12.26"]

1. e4 c5 2. c3 e6 3. Nf3 d5 4. exd5 exd5 5. d4 Nc6 6. Bb5 Nf6 7. O-O Be7 8.
dxc5 O-O 9. Be3 Ne4 10. Nd4 Ne5 11. c6 a6 12. cxb7 Bxb7 13. Be2 Nc4 14. Bxc4
dxc4 15. Nf5 Bg5 16. Qxd8 Rfxd8 17. Bxg5 Nxg5 18. Na3 Be4 19. Ne3 Bd3 20. Rfd1
Rac8 21. Naxc4 Ne4 22. Ne5 Bb5 23. c4 Be8 24. Nd5 Rb8 25. Re1 Nc5 26. Nc6 1-0

[Event "Festival GEMA - Cerrado MI"]
[Site "Mondariz ESP"]
[Date "2006.12.30"]
[Round "5.4"]
[White "Sande Edreira, Jose Antonio"]
[Black "Pintor, Ariana"]
[Result "1-0"]
[WhiteElo "2293"]
[BlackElo "2093"]
[PlyCount "39"]
[EventDate "2006.12.26"]
[EventType "tourn"]
[EventRounds "9"]
[EventCountry "ESP"]
[EventCategory "3"]
[Source "lmi"]
[SourceDate "2006.12.26"]

1. c4 Nf6 2. g3 g6 3. Bg2 Bg7 4. Nc3 O-O 5. d4 d6 6. Nf3 Nbd7 7. O-O e5 8. Qc2
Re8 9. Rd1 c6 10. b3 Qa5 11. Bd2 exd4 12. Nb5 Qb6 13. Nbxd4 Ne4 14. Bf4 c5 15.
Nb5 a6 16. Nxd6 Nxd6 17. Rxd6 Qxd6 18. Bxd6 Bxa1 19. Ng5 h6 20. Bd5 1-0

[Event "Festival GEMA - Cerrado MI"]
[Site "Mondariz ESP"]
[Date "2006.12.30"]
[Round "5.5"]
[White "Alonso Fernandez, Marcos"]
[Black "Frois, Antonio"]
[Result "1/2-1/2"]
[WhiteElo "2311"]
[BlackElo "2345"]
[PlyCount "103"]
[EventDate "2006.12.26"]
[EventType "tourn"]
[EventRounds "9"]
[EventCountry "ESP"]
[EventCategory "3"]
[Source "lmi"]
[SourceDate "2006.12.26"]

1. d4 d5 2. c4 e6 3. Nc3 c5 4. cxd5 exd5 5. Nf3 Nc6 6. e3 Nf6 7. Bb5 Bd7 8. O-O
a6 9. Bxc6 Bxc6 10. b3 cxd4 11. Nxd4 Bd6 12. Bb2 O-O 13. Nce2 Bd7 14. Ng3 Re8
15. Qd3 Ne4 16. Nf3 Bc6 17. Rfd1 Bf8 18. Rac1 Qe7 19. Nd4 Qf6 20. Qc2 Bd7 21.
Nf3 Qe6 22. Nxe4 dxe4 23. Ne5 Bb5 24. a4 Rac8 25. Qd2 Bc6 26. Nxc6 Rxc6 27.
Rxc6 Qxc6 28. Rc1 Qe6 29. Qc3 Rd8 30. b4 Rd3 31. Qe5 Qb3 32. g3 Rd1+ 33. Rxd1
Qxd1+ 34. Kg2 Qxa4 35. Bc3 Qc6 36. h4 Qc4 37. Bd4 Qxb4 38. Qxe4 Qb5 39. Qg4
Qc6+ 40. Kh2 a5 41. f4 a4 42. f5 f6 43. e4 Qc2+ 44. Kh3 Qc1 45. Qf3 Qc4 46. Qe3
Bd6 47. e5 Qf1+ 48. Kh2 fxe5 49. Bxe5 Bxe5 50. Qxe5 Qf2+ 51. Kh3 Qf1+ 52. Kh2
1/2-1/2